| 000 | 00758cab a2200253 4500 | ||
|---|---|---|---|
| 001 | WB3507-44 | ||
| 008 | 090401t1999 xxu||||| |||| 00| 0 eng d | ||
| 035 | _a(Sirsi) u91461 | ||
| 041 | _aeng | ||
| 245 | _aRent reviews | ||
| 260 | _c1999 | ||
| 350 | _a0 | ||
| 490 |
_aYorkshire Post _v18 February 1999, 21(2) |
||
| 520 | _aAdvice for commercial tenants facing rent reviews in 1999/2000. Tenants who took on leases during the recession will be hit particularly hard. Table. | ||
| 650 | _aBUSINESS TENANTS | ||
| 650 | _aMARKET CONDITIONS | ||
| 650 | _aRECESSION | ||
| 650 | _aRENT REVIEW CLAUSES | ||
| 650 | _aRENT REVIEW MARKET | ||
| 650 | _aRENT REVIEWS | ||
| 690 | _aLANDLORD AND TENANT-RENT REVIEWS | ||
| 942 | _n0 | ||
| 948 | _c19/02/1999 | ||
| 999 |
_c58064 _d58064 |
||